00331nam a2200133Ia 4500003000400000005001700004008004100021020001900062040002700081100001200108245006000120260000800180260000900188OSt20240219150407.0170524s9999 xx 000 0 und d a978-0968250211 cIIMT UNIVERSITY MEERUT aBell DA 0aLaboratory Manual for Operational Amplifiers and Liners bPHI c2005